00306nam a2200097Ia 4500001000800000005001700008008004100025020001800066245010200084260002200186127410820260417160401.0260417s9999 xx 000 0 und d a9786258124194 0aGençler! Tarihinizi Öğrenin Yoksa Başkaları Tarihlerini Öğretirler!cSadullah Genç bBeyan Yayınları